PAW Scotland (Record no. 120916)

MARC details
000 -LEADER
fixed length control field 01054cai a22001815a 4500
001 - CONTROL NUMBER
control field E153261
008 - FIXED-LENGTH DATA ELEMENTS--GENERAL INFORMATION
fixed length control field 110704u xxk g 000 0 eng d
035 ## - SYSTEM CONTROL NUMBER
System control number (Sirsi) u153261
041 0# - LANGUAGE CODE
Language code of text/sound track or separate title eng
110 2# - MAIN ENTRY--CORPORATE NAME
Corporate name or jurisdiction name as entry element Scotland
Subordinate unit Scottish Government
9 (RLIN) 5344
245 00 - TITLE STATEMENT
Title PAW Scotland
Remainder of title partnership for action against wildlife crime in Scotland
Medium [electronic resource]
520 ## - SUMMARY, ETC.
Summary, etc. Website of the Partnership for Action Against Wildlife Crime Scotland (PAW Scotland), which brings together a number of organisations involved in stopping crimes against wildlife. Organisations represented include Scottish Natural Heritage, Scottish police forces, and various conservation and land management bodies.
590 ## - LOCAL NOTE (RLIN)
Local note KA
651 #4 - SUBJECT ADDED ENTRY--GEOGRAPHIC NAME
Geographic name Scotland
Chronological subdivision 1999-
690 ## - LOCAL SUBJECT ADDED ENTRY--TOPICAL TERM (OCLC, RLIN)
Topical term or geographic name as entry element ENVIRONMENTAL AND LAND CONSULTANCY-ENVIRONMENTAL MANAGEMENT-ENVIRONMENTAL CONSERVATION-WILDLIFE CONSERVATION
856 40 - ELECTRONIC LOCATION AND ACCESS
Uniform Resource Identifier <a href="https://www.scotland.gov.uk/Topics/Environment/Wildlife-Habitats/paw-scotland">https://www.scotland.gov.uk/Topics/Environment/Wildlife-Habitats/paw-scotland</a>
Public note View the website at www.scotland.gov.uk/Topics/Environment/Wildlife-Habitats/paw-scotland
942 ## - ADDED ENTRY ELEMENTS (KOHA)
Suppress in OPAC 0
Holdings
Withdrawn status Lost status Source of classification or shelving scheme Damaged status Not for loan Home library Current library Shelving location Date acquired Total Checkouts Full call number Barcode Date last seen Copy number Price effective from Koha item type
    Dewey Decimal Classification     Virtual Virtual Online 04/07/2011   WEBSITE 153261-2001 06/08/2019 1 06/08/2019 Online material